Die besten TOTS Karten in EA FC 24 - Statistiken

Allgemein
  • Dieses Quiz wurde 116 mal gespielt
    112 seit der letzten Aktualisierung
  • Das Durchschnittsergebnis liegt bei 6 aus 18
Antwortstatistiken
Hint Antwort % Korrekt
97 Haaland
82%
97 Kane
65%
96 Wirtz
53%
96 Ronaldo
49%
95 Musiala
48%
97 Frimpong
44%
97 Van Dijk
39%
95 Grimaldo
38%
95 Salah
36%
96 Rodri
33%
95 Saka
22%
97 Popp
21%
96 Rice
19%
95 Modric
13%
97 James
12%
95 Hemp
6%
95 Schüller
4%
96 Shaw
4%
Keine übereinstimmenden Quizze gefunden
Verteilung der Resultate
Anzahl Personen mit jedem Resultat
Perzentil nach korrekt beantworteten Fragen
Ihre Resultats-Entwicklung
Sie haben dieses Quiz seit der letzten Aktualisierung nicht gespielt